| 000 | 00775nam a2200265 4500 | ||
|---|---|---|---|
| 008 | b xx# eng u | ||
| 010 | _a41702 | ||
| 020 | _a0824207300 | ||
| 020 | _a9780824207304 | ||
| 040 | _aLB-BrCRDP | ||
| 082 | _aR 025.49/S439s | ||
| 100 | 1 | _aSears, Minnie Earl | |
| 130 | 0 | _lEN | |
| 245 | 1 | 0 |
_aSears list of subject headings _cMinnie Earl Sears ; edited by Carmen Rovira and Caroline Reyes |
| 250 | _a13th ed. | ||
| 260 |
_aNew York _bH.W.Wilson _c1986 |
||
| 300 |
_axl , 681p. ; _c26cm. |
||
| 500 | _aBibliogr. : p. xxxi-xxxiii | ||
| 650 | _aSubject headings | ||
| 700 | 1 | 0 | _aRovira, Carmen, ed. |
| 700 | 1 | 0 | _aReyes, Caroline, ed. |
| 700 | 1 | 0 | _aTitle : list of subject headings |
| 942 | _cBK | ||
| 999 |
_c11578 _d11578 |
||